[Event "80th Tata Steel Challengers 2018"]
[Site "Wijk aan Zee"]
[Date "2018.01.15"]
[Round "3"]
[White "Harika, Dronavalli"]
[Black "L'Ami, Erwin"]
[Result "1/2-1/2"]
[WhiteElo "2497"]
[BlackElo "2634"]
[Annotator "TA"]
[PlyCount "83"]
[EventDate "2018.??.??"]
[EventType "tourn"]
[EventCountry "NED"]
[SourceTitle "playchess.com"]
[Source "ChessBase"]
[SourceQuality "1"]

{[%evp 9,83,68,85,68,115,47,49,43,50,51,48,47,143,130,124,93,97,65,75,65,59,43,178,160,186,167,184,170,179,163,175,173,175,160,175,160,166,137,191,197,191,193,208,195,270,241,233,196,218,164,237,229,200,0,196,201,264,147,240,0,266,167,168,161,173,143,148,135,143,127,139,130,137,87,127,131]} 1. e4 Nf6 2. e5 Nd5 3. d4 Nb6 4. c4 d5 (4... d6 5. exd6 cxd6 6. Nc3 g6 7. Be3 Bg7 8. Rc1 O-O 9. b3 Bf5 10. Nf3 d5 11. Be2 Nc6 12. O-O Bg4 13. c5 Nc8 14. b4 a6 15. Ne5 Bxe2 16. Nxc6 bxc6 17. Nxe2 e6 {½-½ (61) Lu,S (2619)-Zhou,J (2612) Xinghua 2016}) 5. c5 N6d7 6. Nc3 {B03: Alekhine's Defence: Four Pawns Attack} Nc6 $146 ({Predecessor:} 6... e6 7. Bd3 Be7 8. Nge2 b6 9. b4 a5 10. cxb6 axb4 11. bxc7 Qxc7 {½-½ (39) Munoz,C (2091)-Mazariegos,S (2128) Mallorca 2004}) 7. e6 (7. Nf3 $16) 7... fxe6 $14 8. f4 {White is slightly better.} g6 9. Nf3 Bg7 10. Bb5 Ndb8 {[#]} (10... Nf6 $14) 11. h4 $1 $16 {[%cal Bh2h4,Bh4h5,Bh5h6][%mdl 32]} b6 12. cxb6 axb6 13. h5 Ba6 14. Qe2 {[%mdl 1024] Hoping for hxg6. White has strong compensation.} Kd7 15. Bd2 $36 {[%mdl 2048] White has some pressure.} Qg8 {[#]} ({Black should play} 15... Kc8 $14) 16. h6 $1 $18 {[%cal Rh6g7]} Bf6 17. g4 Kc8 18. Be3 Qf7 19. g5 Kb7 20. gxf6 exf6 21. a3 Ne7 22. O-O-O Nf5 23. Bf2 Nd6 (23... Bxb5 $16 24. Qxb5 Nd6) 24. Bxa6+ Rxa6 25. Kb1 Nc6 26. Rc1 Na7 (26... Na5 $142 27. Nd2 Raa8) 27. Nd2 Re8 28. Rh3 Qd7 29. Qf1 Ra5 (29... Nac8 $142 30. Na2 Ra7) 30. Nb3 Ra6 31. Nd2 Ra5 $1 32. Bh4 Rf8 33. Be1 ({White should try} 33. Nb3 $18 Ra6 34. Re1) 33... Ra8 (33... Nc6 $16 {is a better defense.}) 34. Bh4 Rf8 35. Qg2 Nc6 {[%cal Ba7c6,Bc6e7,Be7f5][%mdl 32]} 36. Bf2 Rfa8 37. Rd3 Ne7 38. Qf3 Nef5 39. Qh1 Kc8 40. Rh3 Kd8 41. Na2 Nb5 42. Rd3 {Precision: White = 53%, Black = 34%.} 1/2-1/2

[Event "80th Tata Steel Challengers 2018"]
[Site "Wijk aan Zee"]
[Date "2018.01.15"]
[Round "3"]
[White "Girya, Olga"]
[Black "Xiong, Jeffery"]
[Result "1/2-1/2"]
[WhiteElo "2489"]
[BlackElo "2634"]
[Annotator "TA"]
[PlyCount "160"]
[EventDate "2018.??.??"]
[EventType "tourn"]
[EventCountry "NED"]
[SourceTitle "playchess.com"]
[Source "ChessBase"]
[SourceQuality "1"]

{[%evp 21,160,36,38,33,28,34,32,24,32,31,37,35,44,1,7,-104,-51,-52,-47,-50,-38,-44,-60,-72,-61,-195,-202,-189,-173,-179,-85,-75,-89,-82,-82,-83,-87,-86,-91,-99,0,-54,-61,-52,-52,-93,-39,-43,0,-90,-47,-85,-47,-48,-14,-14,-15,-13,-14,-40,-41,-94,-59,-41,-51,-58,-58,-94,-94,-97,-89,-98,-98,-124,-98,-97,-91,-109,-100,-178,-178,-178,-178,-168,-126,-114,-115,-254,-245,-254,-243,-254,-254,-259,-182,-259,-254,-254,-254,-254,-262,-302,-302,-302,-297,-304,-278,-278,-123,-143,-11,-11,-11,-11,-11,-11,-11,-11,-11,-11,-11,-11,-11,-11,-11,-11,0,-11,0,-11,-11,-11,-11,-11,0,-11,-8,-8,0,0,0]} 1. d4 d5 2. Nf3 Nf6 3. c4 dxc4 4. e3 e6 5. Bxc4 a6 6. O-O c5 7. b3 Nc6 8. Bb2 cxd4 9. Nxd4 Bd7 {D27: Angenommenes Damengambit (Hauptvariante 7.e4, 7.a4)} 10. Nf3 Be7 11. Nbd2 {[%cal Bb1d2,Bd2c4,Bc4b6][%mdl 32]} O-O {LiveBook: 3 Partien. Weiß steht etwas besser.} 12. Rc1 Rc8 13. Qe2 {[#]} Qc7 $146 ({Vorgänger:} 13... Nb4 14. a3 b5 15. axb4 bxc4 16. Nxc4 Bxb4 {½-½ (58) Giri,A (2771)-Caruana,F (2823) London 2016}) 14. Bd3 Qb8 15. Nc4 Rfd8 16. Nb6 Rc7 17. Ng5 {Mit der Idee Lxf6.} Be8 18. f4 (18. Rfd1 $11 {hält das Gleichgewicht.}) 18... h6 (18... Qa7 $1 $17 {[%cal Ra7b6]} 19. Nc4 h6) 19. Ne4 $15 Nxe4 20. Bxe4 Qa7 21. Nc4 (21. Qg4 $2 Bf8 $19) 21... b5 22. Ne5 {[%cal Re4c6]} ({Jedoch nicht} 22. Qg4 $2 Bf8 $19) 22... Bc5 23. Bxc6 (23. Kh1 $15 Nxe5 24. Bxe5) 23... Bxe3+ $19 24. Kh1 Bxc1 ({Finger weg von} 24... Rd2 25. Qf3 $17) 25. Bxe8 Bxb2 (25... Rd2 $19 26. Qe1 Qb7 27. Bxf7+ Rxf7) 26. Bxf7+ $17 Rxf7 27. Nxf7 Qxf7 28. Qxb2 {[#]} Qxf4 $1 $19 {[%cal Rf4f1][%mdl 4608] Endspiel KDT-KDT} 29. Qe2 (29. Rxf4 Rd1+) 29... Qd6 30. h3 Rf8 (30... b4 $17) 31. Rd1 (31. Rxf8+ $1 $11 Kxf8 32. Qf3+ Ke8 33. Qa8+ Kf7 34. Qb7+ Kg8 35. Qa8+ Kf7 36. Qb7+ Kg8 37. Qa8+ Kf7) 31... Qc6 $15 32. Re1 Rf6 33. Rd1 Kh7 (33... b4 $17) 34. Qd3+ Kg8 (34... Rf5 {keeps more tension.} 35. a3 a5 36. Re1 h5 37. Rd1 a4) 35. Qe2 $1 Rg6 36. Rd2 Qc1+ 37. Rd1 Qf4 38. Rf1 Qg5 39. Qe4 Kh7 40. Rd1 Qf5 $36 {[%mdl 2048] Schwarz hat gut koordiniertes Spiel.} 41. Qe3 (41. Re1 $15) 41... Qc2 {[%csl Gg6][%cal Rc2g2]} 42. Rd2 Qc1+ 43. Kh2 {[#]} e5 $1 {[%mdl 512]} 44. Re2 (44. Qxe5 Qxd2) 44... Qxe3 45. Rxe3 $17 {KT-KT} Re6 46. Kg3 Kg6 47. Kf3 Kf5 48. Rc3 Rd6 49. g4+ Kg5 $1 50. Ke4 (50. Kg3 $17 {war nötig.}) 50... Rd2 $19 51. a4 bxa4 $1 52. bxa4 Re2+ 53. Kf3 Ra2 54. Kg3 (54. Rc7 $17 {kämpft weiter.}) 54... Rxa4 55. h4+ Kf6 56. Rc6+ Kf7 57. Rc7+ Kg8 58. Rc8+ {[#]} (58. Kf3 $142) 58... Kh7 $1 59. Re8 e4 60. h5 a5 61. g5 hxg5 62. Kg4 Rb4 63. Kxg5 Rb5+ 64. Kg4 a4 (64... Rb1 $19 {und Schwarz behält klar die Oberhand.} 65. Ra8 Rb5) 65. Ra8 $17 e3 ({Lieber} 65... Rb4 $17 66. Ra6 e3+ 67. Kf3 {[#]} Re4 $1 {[%mdl 512]}) 66. Rxa4 $11 {Die Stellung ist ausgeglichen.} e2 67. Ra1 $1 {[#]} Ra5 $1 {[%mdl 512]} 68. Re1 (68. Rh1 {is more complex.} Ra2 69. Kf3 Rb2 70. Ra1 Kh6 71. Kf2) (68. Rxa5 e1=Q) 68... Ra2 69. Kf4 Kh6 70. Kf5 Rd2 {Droht stark ...Tb2.} 71. Kg4 Rb2 {zielt auf ...Tc2 ab.} 72. Kf5 Rb5+ 73. Kf4 Rb2 74. Kf5 Rb5+ 75. Kf4 Rb4+ 76. Kf3 Rb2 77. Kg4 Ra2 {Und ...Tc2 würde nun gewinnen.} 78. Kf5 Ra4 {Droht ...Ta2 und aus.} 79. Rxe2 Kxh5 80. Rh2+ Rh4 {Precision: Weiß = 55%, Schwarz = 58%.} 1/2-1/2

[Event "80th Tata Steel Challengers 2018"]
[Site "Wijk aan Zee"]
[Date "2018.01.16"]
[Round "4"]
[White "Vidit, Santosh Gujrathi"]
[Black "Harika, Dronavalli"]
[Result "1-0"]
[WhiteElo "2718"]
[BlackElo "2497"]
[Annotator "TA"]
[PlyCount "78"]
[EventDate "2018.??.??"]
[EventType "tourn"]
[EventCountry "NED"]
[SourceTitle "playchess.com"]
[Source "ChessBase"]
[SourceQuality "1"]

{[%evp 16,78,40,42,42,50,46,40,41,40,43,45,58,49,54,31,40,37,52,33,56,61,71,61,86,80,84,85,96,100,117,110,127,118,112,119,148,141,145,147,193,150,411,425,425,420,399,377,466,428,461,450,568,566,569,565,608,762,777,778,777,770,769,747,29995]} 1. e4 c5 2. Nf3 d6 3. Bb5+ Nd7 4. O-O Ngf6 5. Re1 a6 6. Bd3 {[%cal Bb5d3,Bd3c2,Bc2a4][%mdl 32] B51: Sicilian: Moscow Variation (3 Bb5+) without 3...Bd7} (6. Bxd7+ Bxd7 7. e5 dxe5 8. Nxe5 Rc8 9. d3 e6 10. Nc3 Be7 11. Qf3 Bc6 12. Nxc6 Rxc6 13. Bf4 O-O 14. Be5 Nd7 15. Bf4 Nf6 16. Be5 Nd7 17. Bf4 Nf6 18. Be5 {½-½ (18) Tomashevsky,E (2713)-Vitiugov,N (2722) St Petersburg 2017}) 6... b5 7. c4 b4 8. a3 bxa3 9. Rxa3 {LiveBook: 4 Games} e5 10. Nc3 Be7 11. Bc2 O-O 12. d3 Nb8 13. Ba4 $146 Bd7 14. Bg5 Ra7 {[%cal Ba8a7,Ba7b7,Bb7b4][%mdl 32]} 15. Bxf6 Bxf6 16. Nd5 Be6 17. Qb3 (17. Qd2 {is more complex.} Rb7 18. Rb1 g6 19. Qe1 Bg7 20. b4) 17... Bxd5 18. cxd5 Qc7 19. Nd2 Rb7 20. Qc3 Rb4 21. Nc4 Be7 22. Rea1 {[%cal Be1a1,Ba1a3,Ba3b3,Bb3b7][%mdl 32]} g6 23. Rb3 Rxb3 24. Bxb3 Bd8 25. Ba4 f5 26. Ra3 fxe4 27. dxe4 Qf7 28. Qc2 Bh4 $2 {[#]} (28... Qf6 $16 {keeps fighting.} 29. Rb3 Bc7) 29. g3 $18 Be7 30. Rb3 Qf6 31. Rb7 h5 32. h4 {White is clearly winning.} Kh8 33. Qe2 Kg8 34. Qe3 Rd8 35. Kg2 Qf8 36. Na5 Rc8 37. Nc6 Bf6 38. Qf3 Nxc6 39. dxc6 ({Less strong is} 39. Bxc6 Bg7 $18) 39... Bd8 {Precision: White = 86%, Black = 24%.} 1-0

[Event "80th Tata Steel Challengers 2018"]
[Site "Wijk aan Zee"]
[Date "2018.01.16"]
[Round "4"]
[White "Korobov, Anton"]
[Black "Girya, Olga"]
[Result "1-0"]
[WhiteElo "2652"]
[BlackElo "2489"]
[Annotator "TA"]
[PlyCount "143"]
[EventDate "2018.??.??"]
[EventType "tourn"]
[EventCountry "NED"]
[SourceTitle "playchess.com"]
[Source "ChessBase"]
[SourceQuality "1"]

{[%evp 15,143,6,23,0,31,10,18,18,18,6,27,29,47,35,36,28,57,51,76,48,66,61,62,72,78,80,87,73,112,102,122,98,118,103,115,93,143,150,182,170,198,199,264,170,170,170,170,170,170,170,170,163,163,162,162,154,154,145,222,224,191,207,304,307,302,289,277,157,157,157,157,157,157,182,183,181,218,179,272,270,269,256,251,260,346,346,331,320,279,231,265,267,265,265,273,245,285,286,266,259,350,336,316,319,329,311,309,352,360,337,316,291,280,259,631,593,2417,2438,1767,1677,12840,12840,1950,779,12845,12845,12848,12848,12850,12849]} 1. c4 Nf6 2. Nf3 e6 3. g3 d5 4. d4 Bb4+ 5. Bd2 Be7 6. Bg2 O-O 7. Qc2 Nbd7 8. O-O c6 9. a4 {E11: Bogo-Indian} (9. Bf4 b6 10. cxd5 cxd5 11. Rc1 Bb7 12. Qb3 Rc8 13. Rxc8 Qxc8 14. Nc3 Nh5 15. Bg5 Bxg5 16. Nxg5 Nhf6 17. e3 Qb8 18. Bf1 Rc8 {½-½ (56) So,W (2788)-Karjakin,S (2760) London 2017}) 9... Ne4 10. Bf4 g5 11. Bc1 {The position is equal.} f5 12. b3 $146 ({Predecessor:} 12. Nc3 g4 13. Ne1 Bf6 14. e3 Qe8 15. cxd5 exd5 16. Nd3 Bg5 17. Nxe4 fxe4 {½-½ (49) Kidula,B (1943)-Ramesh,V Nairobi 2016}) 12... Bf6 13. Bb2 Bg7 14. Nbd2 a5 15. Rad1 Qe7 16. Qc1 g4 17. Ne1 {[%cal Bf3e1,Be1d3,Bd3e5][%mdl 32]} Nxd2 18. Rxd2 Rd8 19. Nd3 Nf6 20. Rc2 Ne4 21. Ba3 Qe8 22. Ne5 Nd6 23. h3 gxh3 24. Bf3 ({But not} 24. Bxh3 $6 dxc4 25. bxc4 Ne4 $11) 24... Ne4 25. Qf4 c5 26. Bxe4 dxe4 27. Bxc5 Qh5 28. Kh2 Bh6 (28... h6 {might work better.} 29. Rg1 Qg5) 29. Qh4 Qxh4 30. gxh4 Bf4+ 31. Kxh3 {Rg1+ would kill now.} Bxe5 32. dxe5 Bd7 33. Be7 Re8 34. Bf6 Kf7 35. h5 Bc6 36. Rd2 e3 (36... Rg8 $16) 37. fxe3 $18 Rg8 {[#]} 38. e4 $1 Rae8 (38... Kf8 {was worth a try.} 39. Rfd1 f4) (38... Bxe4 39. Rd7+) 39. e3 Bxe4 40. Rd7+ Kf8 41. Rf2 ({White should try} 41. Rfd1 $18) 41... h6 $16 42. Rfd2 $1 Rg1 43. Rd1 $1 {[%cal Rd1g1]} Rxd1 44. Rxd1 {[%mdl 4096] Endgame KRB-KRB} Bc6 45. Rg1 Be4 46. Kh4 Ra8 (46... Rc8 {was called for.} 47. Bg7+ Kf7) 47. Bg7+ $18 Kf7 {aiming for ...Rg8.} 48. Bxh6 Rg8 {[#]} 49. Bg5 $1 Bc2 50. Rg2 Be4 51. Rd2 {And now Rd7+ would win.} Bc6 52. Rd4 Re8 53. Bd8 Rg8 54. Bxa5 Rg1 55. b4 {[%cal Bb3b4,Bb4b5,Bb5b6][%mdl 32]} Bxa4 56. b5 Rg4+ 57. Kh3 Kg7 58. Rd7+ ({Not} 58. Rxg4+ fxg4+ 59. Kh4 (59. Kxg4 Bd1+ 60. Kg5 Be2 $16) 59... Kf7 $18) 58... Kh6 59. Rxb7 Rxc4 60. b6 Rc5 61. Bd2 Rc2 {[#]} 62. Rb8 $1 {[%cal Rb8h8]} ({Less strong is} 62. Ra7 Rxd2 63. Rxa4 Rb2 $16) 62... Bc6 63. Rh8+ Kg7 64. Rd8 Kh6 $2 (64... Rb2 65. Kh4 Rxb6) 65. Kh4 {White is clearly winning.} Be4 {[#]} 66. b7 $1 Bxb7 67. e4+ $1 Kh7 68. Rd7+ Kg8 69. exf5 (69. Rxb7 $142 Rxd2 70. exf5 exf5 71. Kg5) 69... exf5 70. Rxb7 Rxd2 71. Kg5 Rh2 72. e6 {Precision: White = 81%, Black = 48%.} 1-0

[Event "80th Tata Steel Challengers 2018"]
[Site "Wijk aan Zee"]
[Date "2018.01.16"]
[Round "4"]
[White "Bluebaum, Matthias"]
[Black "Tari, Aryan"]
[Result "1/2-1/2"]
[WhiteElo "2640"]
[BlackElo "2599"]
[Annotator "TA"]
[PlyCount "83"]
[EventDate "2018.??.??"]
[EventType "tourn"]
[EventCountry "NED"]
[SourceTitle "playchess.com"]
[Source "ChessBase"]
[SourceQuality "1"]

{[%evp 13,83,10,13,12,11,0,35,35,33,18,30,23,23,18,16,13,41,17,21,24,41,40,50,19,31,38,37,0,16,0,0,0,0,0,0,-27,-20,-20,-8,-60,-48,-46,-6,-13,0,0,0,-2,27,24,93,0,0,0,0,0,0,0,0,0,0,0,0,0,0,0,0,0,0,0,8,8]} 1. Nf3 Nf6 2. c4 c5 3. Nc3 d5 4. cxd5 Nxd5 5. e3 Nxc3 6. dxc3 {A34: Symmetrical English: 2 Nc3, lines with ...d5} Qc7 7. e4 Nc6 {LiveBook: 3 Games} 8. Qd2 $146 ({Predecessor:} 8. Be3 e6 9. Be2 Bd6 10. O-O O-O 11. Qc2 b6 12. h3 Bb7 13. Rad1 {0-1 (28) Wojtaszek,R (2736)-Tari,A (2593) Katowice 2017}) 8... e6 9. Qg5 h6 (9... f6 {seems wilder.} 10. Qh5+ Qf7 11. Qxf7+ Kxf7 12. Be3 b6) 10. Qg3 Qxg3 $1 11. hxg3 Bd6 12. Be3 b6 13. g4 O-O 14. O-O-O Rd8 15. Nd2 Bb7 16. f4 Kf8 17. Be2 Rac8 18. Kb1 Bb8 19. Rh5 Ne7 20. Kc1 f5 $1 21. Bc4 fxe4 22. Bxe6 Rd3 23. Re1 Rcd8 24. f5 Nd5 25. Bxd5 $1 R8xd5 26. c4 (26. Kc2 $11) 26... Bg3 27. Re2 Rd6 28. g5 {[%cal Rg5h6]} hxg5 29. Bxg5 R6d4 30. f6 {[#] And now Rh8+ would win.} gxf6 31. Bxf6 Rd6 (31... Rd7 $1 $11 32. Nxe4 Bf4+ 33. Kc2 Re3 34. Rxe3 Bxe3) 32. Be5 (32. Rh8+ $16 Kf7 33. Bc3) 32... Bxe5 $11 {The position is equal.} 33. Rxe5 e3 34. R5xe3 Rxe3 35. Rxe3 Bxg2 {[%mdl 4096] Endgame KRB-KRN} 36. Kc2 Kf7 37. Kc3 Re6 38. Rg3 Rg6 39. Rxg6 Kxg6 40. b4 cxb4+ 41. Kxb4 Bc6 42. c5 {Precision: White = 59%, Black = 55%.} 1/2-1/2

[Event "80th Tata Steel Challengers 2018"]
[Site "Wijk aan Zee"]
[Date "2018.01.16"]
[Round "4"]
[White "Xiong, Jeffery"]
[Black "Van Foreest, Jorden"]
[Result "1/2-1/2"]
[WhiteElo "2634"]
[BlackElo "2629"]
[Annotator "TA"]
[PlyCount "59"]
[EventDate "2018.??.??"]
[EventType "tourn"]
[EventCountry "NED"]
[SourceTitle "playchess.com"]
[Source "ChessBase"]
[SourceQuality "1"]

{[%evp 17,59,27,11,26,44,43,54,47,51,51,46,20,37,31,143,143,151,150,141,137,133,136,165,147,135,121,126,111,106,0,30,15,16,12,11,8,20,0,37,0,0,0,20,0]} 1. e4 e6 2. d4 d5 3. Nd2 Be7 4. Ngf3 Nf6 5. e5 Nfd7 6. Bd3 c5 7. c3 Nc6 8. O-O g5 9. Qe2 {C06: French Tarrasch: 3...Nf6 4 e5 Nfd7 5 Bd3 main lines} h5 {LiveBook: 6 Games} 10. Qe3 Qb6 $146 ({Predecessor:} 10... Rg8 11. Bb1 a5 12. Ne1 b5 13. Nc2 Qb6 14. Rd1 Ba6 15. Nf1 b4 16. Qe1 a4 {1-0 (43) Sengupta,D (2570)-Sichinava,Z (2305) St Petersburg 2016}) 11. b4 $1 {[%cal Rb4c5] White is slightly better.} cxd4 12. cxd4 Nxb4 13. Rb1 {Hoping for a3.} Qa5 14. Be2 {[%mdl 1024] White has compensation.} g4 15. Ne1 Nb6 ({Better is} 15... Bf8 $14) 16. Nb3 $1 $36 {[%cal Rb3a5][%mdl 2048] White is really pushing.} Qa4 17. Nc5 Bxc5 18. dxc5 Nc4 {[#]} 19. Qg5 $1 {[%cal Rg5g7]} Qxa2 20. Qg7 Qxb1 21. Qxh8+ Kd7 22. Bg5 Qe4 {[#]} 23. Bxc4 (23. Bd1 $1 $16 a5 24. Qf8) 23... Qxc4 24. Qd8+ Kc6 25. Qe8+ Kxc5 {Strongly threatening ...a5.} 26. Be7+ $1 Kb6 $1 {aiming for ...Nc6.} 27. Bd8+ Kc5 {Threatens to win with ...a5.} 28. Be7+ Kb6 $1 29. Bd8+ Kc5 {And now ...a5 would win.} 30. Be7+ {Precision: White = 80%, Black = 55%.} 1/2-1/2

[Event "80th Tata Steel Challengers 2018"]
[Site "Wijk aan Zee"]
[Date "2018.01.16"]
[Round "4"]
[White "Gordievsky, Dmitry"]
[Black "Krasenkow, Michal"]
[Result "1/2-1/2"]
[WhiteElo "2622"]
[BlackElo "2671"]
[Annotator "TA"]
[PlyCount "142"]
[EventDate "2018.??.??"]
[EventType "tourn"]
[EventCountry "NED"]
[SourceTitle "playchess.com"]
[Source "ChessBase"]
[SourceQuality "1"]

{[%evp 24,142,-9,-23,7,0,38,51,39,20,53,0,76,5,26,23,34,33,28,21,27,0,0,0,0,0,0,-25,0,0,0,0,0,0,0,0,0,0,0,0,2,2,33,14,39,6,21,6,6,6,75,66,372,374,369,380,381,381,345,149,143,142,137,80,91,0,127,83,120,120,239,0,89,0,239,0,0,0,0,-12,-18,-12,-16,-17,-17,-24,-23,-20,-20,-28,-16,-16,-12,-38,-24,-48,-46,-94,0,0,0,0,0,0,0,-22,-22,-31,0,-39,-39,-39,-39,-35,-12,-12,0,0,0,0,0]} 1. c4 c5 2. g3 g6 3. Bg2 Bg7 4. Nc3 Nc6 5. d3 e6 6. e4 Nge7 7. Nge2 O-O 8. O-O d6 9. Rb1 b6 10. a3 Bb7 11. b4 Nd4 12. Be3 Qd7 13. Qd2 (13. Nf4 {feels hotter.} Nec6 14. Nce2 Rae8 15. Qa4 Rd8 16. Qd1) 13... Nxe2+ {A36: Symmetrical English vs ...g6: 4 Bg2 Bg7} 14. Nxe2 cxb4 (14... Rad8 15. Bh6 e5 16. b5 f5 17. Bxg7 Kxg7 18. f4 Ng8 19. a4 Rde8 20. Nc3 Nf6 21. Rbe1 exf4 22. Rxf4 fxe4 23. dxe4 {1-0 (47) Eljanov,P (2711)-Ibrahimov,R (2518) Riadh 2017}) 15. axb4 d5 {[#] White is slightly better.} 16. Qa2 $146 ({Predecessor:} 16. cxd5 exd5 17. Bh6 Bxh6 18. Qxh6 Rfd8 19. Nf4 Qd6 20. h4 dxe4 21. dxe4 {1-0 (33) Franco Ocampos,Z (2512)-Gonzalez Acosta,B (2428) Mallorca 2000}) 16... Rfd8 17. Rfc1 ({Better is} 17. cxd5 $14 exd5 18. Rfc1) 17... Nc6 (17... dxe4 $11 18. dxe4 Nc6) 18. Bg5 (18. cxd5 $16 exd5 19. exd5) 18... Re8 19. cxd5 exd5 20. exd5 Ne7 {[%cal Rb7d5]} 21. Nf4 Qd6 22. Re1 (22. Bxe7 $5 Rxe7 23. b5 $11) 22... Nf5 $1 23. Rxe8+ Rxe8 24. Qxa7 Ba8 25. Qa4 Kf8 26. Nh3 Bxd5 27. Bf4 Qd8 28. Bc7 Qxc7 29. Bxd5 Nd4 30. Kg2 Rd8 31. Qa2 Qd7 32. Be4 Nb5 {aiming for ...Nc3.} 33. Rc1 $36 {[%mdl 2048] White has some pressure.} Nd4 (33... Nc3 $5 {[%cal Rc3a2]} 34. Qc4 Qd4 35. Qxd4 Bxd4 $14) 34. Qc4 Bh6 35. Ra1 f5 36. Ba8 $1 Kg7 {[#]} (36... b5 $11 {keeps the balance.} 37. Qc5+ Qe7) 37. b5 $1 $16 {[%mdl 512]} Rc8 $2 {[%mdl 8192] [#]} (37... g5 $14) (37... Nxb5 38. Bc6) 38. Ra7 $1 $18 {[%cal Ra7d7][%mdl 512]} Qxa7 39. Qxd4+ ({Weaker is} 39. Qxc8 Bd2 $16) 39... Kf7 40. Bd5+ Ke8 41. Bc6+ (41. Qh8+ $18 {is the precise move to win.} Bf8 42. Qg8 (42. Bc6+ Rxc6 43. bxc6 Qg7 $14)) 41... Kf7 $16 42. Nf4 {[%mdl 1024] White has strong compensation.} Qe7 {intending ...Bxf4.} 43. Bd5+ (43. Qxb6 $6 Bxf4 44. gxf4 Rd8 $11) (43. Qc4+ $142 Kf8 44. Ne6+ Kg8 45. Qd4) 43... Ke8 44. Bc6+ Kf7 45. Nd5 ({Much worse is} 45. Qxb6 $6 Bxf4 46. Bd5+ Kg7 $11) 45... Qd8 46. Qc4 {And now Nxb6+ would win.} Kg7 (46... Kf8 $16) 47. Qd4+ (47. Qc3+ $18 {has better winning chances.} Kf7 48. Nxb6 $1 {[%mdl 512]}) 47... Kf7 $1 48. Qc4 (48. h4 $16) 48... Kg7 $18 49. h4 $2 (49. Qc3+ $18 Kf7 50. Nxb6 $1 {[%mdl 512]}) 49... Kh8 $11 50. Qd4+ (50. h5 {keeps more tension.} Bg7 51. hxg6 hxg6 52. Nf4 Qf6 53. d4) 50... Bg7 51. Qxb6 Qxb6 52. Nxb6 {[%mdl 4096] Endgame KRB-KBN} Rd8 53. Nd5 Bd4 54. Nf4 Rd6 55. Kf3 Kg7 56. Ke2 h6 57. Nd5 g5 58. h5 Kf7 59. f3 Re6+ 60. Kd2 {[#]} Bf2 ({Black should play} 60... g4 $1 $17 {[%cal Rg4f3]} 61. fxg4 fxg4) 61. g4 fxg4 62. fxg4 Bd4 63. Kc2 Re2+ 64. Kb3 Ke6 65. Kc4 Ke5 66. Nb4 Re1 67. Be4 $1 Rc1+ 68. Kb3 {Nc6+ is the strong threat.} Rc3+ 69. Ka4 {Black must now prevent Nc6+.The position is equal.} Bc5 70. b6 Bxb6 {Hoping for ...Bf2.} 71. Nd5 {[#]} Rxd3 $1 {[%mdl 512] Precision: White = 46%, Black = 45%.} 1/2-1/2

[Event "80th Tata Steel Challengers 2018"]
[Site "Wijk aan Zee"]
[Date "2018.01.16"]
[Round "4"]
[White "Bok, Benjamin"]
[Black "L'Ami, Erwin"]
[Result "1/2-1/2"]
[WhiteElo "2607"]
[BlackElo "2634"]
[Annotator "TA"]
[PlyCount "71"]
[EventDate "2018.??.??"]
[EventType "tourn"]
[EventCountry "NED"]
[SourceTitle "playchess.com"]
[Source "ChessBase"]
[SourceQuality "1"]

{[%evp 14,71,6,3,12,13,10,13,31,17,35,35,16,0,0,0,0,0,23,10,12,0,25,21,26,6,27,18,41,43,46,41,39,33,52,52,75,67,76,54,89,77,69,56,83,76,64,73,64,12,58,66,61,8,8,14,111,101,90,0]} 1. c4 e6 2. Nf3 d5 3. g3 Nf6 4. Bg2 Be7 5. O-O O-O 6. b3 b6 7. Nc3 Bb7 8. d4 Ne4 {E18: Queen's Indian: Old Main Line (4 g3 Bb7 5 Bg2 Be7 6 0-0 0-0 7 Nc3)} (8... Nbd7 9. Bb2 c5 10. Ne1 cxd4 11. Qxd4 Bc5 12. Qf4 Bb4 13. Nd3 Bxc3 14. Bxc3 Qc8 15. Rfc1 dxc4 16. Bxf6 Nxf6 17. Rxc4 Qb8 18. Qxb8 Rfxb8 {½-½ (58) Ding,L (2777)-So,W (2810) Tbilisi 2017}) 9. Bb2 Nd7 10. Qc2 Nxc3 {The position is equal.} 11. Bxc3 Nf6 12. Rfd1 Qc8 $146 ({Predecessor:} 12... dxc4 13. bxc4 Be4 14. Qb2 c6 15. a4 Rb8 16. Bh3 Bxf3 17. exf3 {½-½ (28) Vokac,M (2498)-Bazant,P (2313) Czechia 2007}) 13. Rac1 dxc4 14. bxc4 Be4 15. Qb3 Qb7 16. Ne1 {[%cal Bf3e1,Be1g2,Bg2f4][%mdl 32]} Bxg2 17. Nxg2 Rfd8 18. Nf4 c6 19. f3 b5 20. e4 Nd7 21. cxb5 Qxb5 22. Qxb5 cxb5 23. d5 Nf8 24. Ba5 Rd7 25. Kg2 exd5 26. Nxd5 f6 27. Nxe7+ (27. Rc6 {looks sharper.} Bd8 28. Bb4 a5 29. Bd6 Rb7 30. f4) 27... Rxe7 28. Rd5 Rb8 29. Bb4 Reb7 30. f4 a5 31. Bxa5 (31. Bd2 $14) 31... Ra7 (31... Ra8 $5 {[%cal Ra8a5]} 32. Bb4 Rxa2+ 33. Kg1 Rb2 $14) 32. Bb4 {Threatens to win with a3.} Rxa2+ 33. Kf3 ({White should play} 33. Kh3 $1 $14) 33... Rxh2 $11 34. Rc7 Kh8 (34... h5 $11) 35. Rdc5 {[%mdl 1024] Hoping for Rc8. White has strong compensation.} Ra2 {[#]} 36. Rd5 {Precision: White = 48%, Black = 35%.} (36. e5 $1 $16) 1/2-1/2